| 000 | 00457 a2200157 4500 | ||
|---|---|---|---|
| 020 | _a 0006165419 | ||
| 082 | _a823.912 | ||
| 090 |
_c1004 _d1004 |
||
| 100 | _aChristie, Agatha. | ||
| 245 |
_aThe Seven dials mystery _cAgatha Christie |
||
| 260 |
_a London, _bCollins, _c1929. |
||
| 300 |
_a222 p. _b20 cm. |
||
| 500 | _aIncludes Index | ||
| 650 | _aBattle, Superintendent (Fictitious character) --Fiction.Police --England --Fiction. | ||
| 942 |
_cBK _k823.912 CHR |
||
| 999 |
_c4969 _d4969 |
||